Statistics for Enumeration Quiz 2

Click here to take the quiz!

General Stats

  • This quiz has been taken 9 times
  • The average score is 18 of 31

Answer Stats

HintAnswer% Correct
Layers of Skinepidermis
100%
Layers of Skindermis
83%
Major Philippine IslandsLuzon
83%
Four-Sided PolygonsRectangle
83%
Four-Sided PolygonsRhombus
83%
Four-Sided PolygonsSquare
83%
Main Functions in TrigonometryCosine
67%
Blackpink MembersLisa
67%
Major Philippine IslandsMindanao
67%
Four-Sided PolygonsParallelogram
67%
Main Functions in TrigonometrySine
67%
Main Functions in TrigonometryTangent
67%
Four-Sided PolygonsTrapezoid
67%
Halogensbromine
50%
Halogenschlorine
50%
Halogensfluorine
50%
Halogensiodine
50%
Celtic LanguagesIrish
50%
Blackpink MembersJennie
50%
Blackpink MembersJisoo
50%
Four-Sided PolygonsKite
50%
Blackpink MembersRosé
50%
Major Philippine IslandsVisayas
50%
Halogensastatine
33%
Celtic LanguagesBreton
33%
Celtic LanguagesCornish
33%
Layers of Skinhypodermis
33%
Celtic LanguagesManx
33%
Celtic LanguagesScottish Gaelic
33%
Halogenstennessine
33%
Celtic LanguagesWelsh
33%

Score Distribution

Percentile by Number Answered

Percent of People with Each Score

Your Score History

You have not taken this quiz